| 000 | 00000nam##2200000za#4500 |
| 001 | 9.681664 |
| 003 | CaOODSP |
| 005 | 20200330071547 |
| 007 | ta |
| 008 | 150407|2001||||xxc||||| f|0| 0 fre|d |
| 020 | |a0-662-86418-2 |
| 040 | |aCaOODSP|bfre |
| 043 | |an-cn--- |
| 086 | 1 |aSW21-85/2001F |
| 110 | 1 |aCanada. |bCondition féminine Canada. |
| 245 | 10|aLes femmes des Premières nations, la gouvernance et la Loi sur les Indiens : |brecueil de rapports de recherche en matière de politiques |
| 260 | |aOttawa - Ontario : |bCondition féminine Canada |c2001. |
| 300 | |a184p. : |c28 cm. |
| 500 | |aDonnées de catalogage avant publication (Canada) imprimées dans cette publication. |
| 504 | |aBibliographie. |
| 563 | |aCouverture souple |
| 590 | |a01-48|b2001-11-30 |
| 691 | 07|aAutochtones|2gcpds |
| 691 | 07|aFemme|2gcpds |
| 691 | 07|aPolitique|2gcpds |
| 691 | 07|aRecherche|2gcpds |
| 775 | 08|tFirst Nations women, governance and the Indian Act : |w(CaOODSP)9.648357 |
| 776 | 0#|tLes femmes des Premières nations, la gouvernance et la Loi sur les Indiens : |w(CaOODSP)9.632888 |